Loading...
Literature - American Literature | 0 | 3 | 0 | 0 | 30 | 44 | 81.33 | 1 | 2 |
Science - Chemistry | 0 | 3 | 0 | 1 | 30 | 102 | 112.33 | 0 | 0 |
Mythology | 0 | 3 | 0 | 0 | 30 | 61 | 85.33 | 0 | 2 |
Science - Biology | 0 | 3 | 0 | 0 | 30 | 73 | 75.33 | 0 | 2 |
Literature - World/Other Literature | 0 | 3 | 1 | 1 | 25 | 97 | 122.00 | 0 | 0 |
Science - Other Science | 0 | 2 | 0 | 1 | 20 | 32 | 82.00 | 0 | 1 |
Literature - British Literature | 0 | 2 | 0 | 0 | 20 | 22 | 63.00 | 1 | 1 |
Fine Arts - Visual Fine Arts | 0 | 2 | 0 | 1 | 20 | 130 | 132.50 | 0 | 0 |
Literature - European Literature | 0 | 2 | 1 | 1 | 15 | 141 | 142.50 | 0 | 1 |
Social Science | 0 | 1 | 0 | 0 | 10 | 93 | 93.00 | 0 | 0 |
History - European History | 0 | 1 | 0 | 1 | 10 | 128 | 128.00 | 0 | 0 |
History - Other History | 0 | 1 | 0 | 0 | 10 | 61 | 61.00 | 0 | 1 |
Religion | 0 | 1 | 0 | 0 | 10 | 122 | 122.00 | 0 | 0 |
Science - Physics | 0 | 1 | 0 | 1 | 10 | 125 | 125.00 | 0 | 0 |
Fine Arts - Classical Music | 0 | 1 | 0 | 1 | 10 | 138 | 138.00 | 0 | 0 |
Philosophy | 0 | 0 | 1 | 0 | -5 | 0.00 | 0 | 0 | |
History - World History | 0 | 0 | 1 | 0 | -5 | 0.00 | 0 | 0 |